[Event "Wch FIDE Online U16 America qual"]
[Site "Tornelo INT"]
[Date "2020.12.02"]
[Round "2"]
[White "Mart, Aidan"]
[Black "Coto Calderon, Juan Diego"]
[Result "0-1"]
[WhiteElo "1271"]
[BlackElo "1424"]
[PlyCount "62"]
[EventDate "2020.12.01"]
[EventType "swiss (rapid)"]
[EventRounds "7"]
[EventCountry "ISS"]
[SourceTitle "EXT 2022"]
[Source "ChessBase"]
[SourceDate "2021.10.06"]
[SourceVersion "1"]
[SourceVersionDate "2021.10.06"]
[SourceQuality "1"]

1. e4 c5 2. Nf3 Nc6 3. Nc3 g6 4. d4 cxd4 5. Nxd4 Bg7 6. Be3 Nf6 7. Bc4 0-0 8. 0-0 d6 9. f4 Qb6 10. Bb3 Ng4 11. Nd5 Nxe3 12. Nxb6 Nxd1 13. Nxa8 Bxd4+ 14. Kh1 Nf2+ 15. Kg1 Nxe4+ 16. Kh1 Bxb2 17. Rae1 Nd2 18. Rf2 Nxb3 19. axb3 Be6 20. Nc7 Bf5 21. c4 Bd4 22. Rfe2 e5 23. Nd5 Kg7 24. h3 h5 25. fxe5 dxe5 26. Nc7 a6 27. Nd5 Bd3 28. Rd2 e4 29. g4 hxg4 30. hxg4 Rh8+ 31. Kg2 Be5 0-1

[Event "Online Olym Div4 E"]
[Site "Chess.com INT"]
[Date "2020.07.31"]
[Round "1.1"]
[White "Espinoza Solano, Jose Nahum"]
[Black "Mart, Aidan"]
[Result "1-0"]
[WhiteElo "2098"]
[BlackElo "1262"]
[PlyCount "75"]
[EventDate "2020.07.31"]
[EventType "team-tourn (rapid)"]
[EventRounds "9"]
[EventCountry "USA"]
[SourceTitle "CBM 198"]
[Source "ChessBase"]
[SourceDate "2020.10.31"]
[SourceVersion "1"]
[SourceVersionDate "2020.10.31"]
[SourceQuality "1"]
[WhiteTeam "Nicaragua"]
[BlackTeam "Bahamas"]
[WhiteTeamCountry "NCA"]
[BlackTeamCountry "BAH"]

1. e4 e5 2. Nf3 Nc6 3. Bc4 Nf6 4. Ng5 d5 5. exd5 Nxd5 6. Nxf7 Kxf7 7. Qf3+ Ke8 8. Bxd5 Qf6 9. Bxc6+ bxc6 10. Qxf6 gxf6 11. Nc3 Bf5 12. d3 Bb4 13. Bd2 Rg8 14. g3 Bg4 15. Ne4 Bxd2+ 16. Kxd2 Ke7 17. Rhe1 Rab8 18. b3 Bf3 19. Kc3 Bxe4 20. Rxe4 Rb5 21. Rae1 Kd6 22. Rh4 Rg7 23. Rh6 Rc5+ 24. Kb2 Ke6 25. Re4 Rd5 26. Reh4 Rdd7 27. Ra4 c5 28. Rxa7 Rg5 29. Ra6+ c6 30. Rxc6+ Rd6 31. Rxf6+ Kxf6 32. Rxd6+ Kf5 33. Rd5 Rh5 34. Rxc5 Rxh2 35. f4 Re2 36. Rxe5+ Rxe5 37. fxe5 Kxe5 38. a4 1-0

[Event "Online Olym Div4 E"]
[Site "Chess.com INT"]
[Date "2020.07.31"]
[Round "2.1"]
[White "Mart, Aidan"]
[Black "Miller Canales, Marlon Mitchell"]
[Result "0-1"]
[WhiteElo "1262"]
[BlackElo "2092"]
[PlyCount "58"]
[EventDate "2020.07.31"]
[EventType "team-tourn (rapid)"]
[EventRounds "9"]
[EventCountry "USA"]
[SourceTitle "CBM 198"]
[Source "ChessBase"]
[SourceDate "2020.10.31"]
[SourceVersion "1"]
[SourceVersionDate "2020.10.31"]
[SourceQuality "1"]
[WhiteTeam "Bahamas"]
[BlackTeam "Honduras"]
[WhiteTeamCountry "BAH"]
[BlackTeamCountry "HON"]

1. e4 e6 2. d4 d5 3. exd5 exd5 4. Nc3 Nf6 5. Nf3 Bd6 6. Bd3 0-0 7. 0-0 c6 8. Bg5 Bg4 9. h3 Bh5 10. Be2 Nbd7 11. Re1 Qc7 12. Qd3 Rae8 13. Rad1 Ne4 14. Be3 Bg6 15. Nxd5 cxd5 16. Qb3 Nb6 17. Bd3 Bh5 18. g4 Bg6 19. a4 f5 20. a5 Nc4 21. Bxc4 dxc4 22. Qb5 fxg4 23. Nh4 gxh3 24. Nxg6 hxg6 25. Qd5+ Kh8 26. f4 Bxf4 27. Bxf4 Qxf4 28. Rf1 Qg3+ 29. Kh1 Qg2# 0-1